Colombia Expo 2010 Shanghái / (Registro nro. 15499)

Detalles MARC
000 -LEADER
fixed length control field 01402nam a22002537a 4500
003 - CONTROL NUMBER IDENTIFIER
control field OSt
005 - DATE AND TIME OF LATEST TRANSACTION
control field 20210325142415.0
008 - FIXED-LENGTH DATA ELEMENTS--GENERAL INFORMATION
fixed length control field 210325s2011 ck ao||gr|||| 00| 0 spa d
020 ## - INTERNATIONAL STANDARD BOOK NUMBER
International Standard Book Number 9789586294386
040 ## - CATALOGING SOURCE
Original cataloging agency CO-JMCR
Transcribing agency CO-JMCR
041 0# - LANGUAGE CODE
Language code of text/sound track or separate title spa
-- chi
082 04 - DEWEY DECIMAL CLASSIFICATION NUMBER
Classification number 918.61 /
Item number G283c
Edition number 21
100 1# - MAIN ENTRY--PERSONAL NAME
Personal name Gaviría Ángel, Gustavo,
Relator term editor
9 (RLIN) 36548
245 10 - TITLE STATEMENT
Title Colombia Expo 2010 Shanghái /
Statement of responsibility, etc. comité editorial, Gustavo Gaviria Ángel, Laura Gaviria Halaby, Paula Douat Corredor
260 ## - PUBLICATION, DISTRIBUTION, ETC.
Place of publication, distribution, etc. Bogotá :
Name of publisher, distributor, etc. La Imprenta Editores,
Date of publication, distribution, etc. 2010
300 ## - PHYSICAL DESCRIPTION
Extent 113 páginas :
Other physical details ilustraciones y fotografías a color ;
Dimensions 24 x 33 cm. +
Accompanying material 1 CD
505 0# - FORMATTED CONTENTS NOTE
Formatted contents note Exposiciones universales -- Shanghái, la ciudad y la exposición -- La ruta de Colombia a Expo Shanghái -- El equipo que dio vida a un pabellón -- Los aliados del éxito -- El corazón de Colombia en Asia -- Los desafíos y enseñanzas de expo Shanghái 2010 -- Galería -- Logos aliados -- Colaboradores
520 3# - SUMMARY, ETC.
Summary, etc. "En los próximos tres años Colombia será la puerta de entrada de China a Latinoamérica" Gao Zhengyue, Embajador de China en Colombia
650 14 - SUBJECT ADDED ENTRY--TOPICAL TERM
Topical term or geographic name entry element Exposiciones
Form subdivision Catálogos
General subdivision Industrias
Chronological subdivision 2010
Geographic subdivision Colombia
9 (RLIN) 36549
651 #4 - SUBJECT ADDED ENTRY--GEOGRAPHIC NAME
Geographic name Colombia
Form subdivision Exposiciones
-- Catálogos
General subdivision Vida social y costumbres
Chronological subdivision 2010
9 (RLIN) 36550
700 1# - ADDED ENTRY--PERSONAL NAME
Personal name Gaviria Halaby, Laura,
Relator term editora
9 (RLIN) 36551
700 1# - ADDED ENTRY--PERSONAL NAME
Personal name Douat Corredor, Paula,
Relator term editora
9 (RLIN) 36552
942 ## - ADDED ENTRY ELEMENTS (KOHA)
Source of classification or shelving scheme Dewey Decimal Classification
Koha item type Books
Existencias
Withdrawn status Lost status Source of classification or shelving scheme Damaged status Not for loan Collection code Home library Current library Date acquired Source of acquisition Total Checkouts Full call number Barcode Date last seen Date last checked out Copy number Price effective from Koha item type Shelving location
    Dewey Decimal Classification     Non-fiction Biblioteca Pública José María del Castillo y Rada Biblioteca Pública José María del Castillo y Rada 10/02/2020 Donación 1 918.61 / G283c 201810984 09/04/2025 09/03/2025 Ej.1 03/25/2021 Books  
    Dewey Decimal Classification     Non-fiction Biblioteca Pública José María del Castillo y Rada Biblioteca Pública José María del Castillo y Rada 10/02/2020 Donación   918.61 / G283c 201810985 03/25/2021   Ej.1 03/25/2021 Books Audio Visual